| 000 | 01026cam a2200301 a 4500 | ||
|---|---|---|---|
| 001 | 2581077 | ||
| 003 | ARRUPE | ||
| 005 | 20140922170633.0 | ||
| 008 | 961007s1997 maua bo 001 0 eng | ||
| 010 | _a 96039221 | ||
| 020 | _a0674816536 (alk. paper) | ||
| 040 |
_aDLC _cDLC _dDLC |
||
| 050 | 0 | 0 |
_aB945.N683 _bS63 1997 |
| 082 | 0 | 0 |
_a191 _221 |
| 100 | 1 |
_aNozick, Robert. _92218 |
|
| 245 | 1 | 0 |
_aSocratic puzzles / _cRobert Nozick. |
| 260 |
_aCambridge, Mass. : _bHarvard University Press, _c1997. |
||
| 300 |
_aviii, 400 p. : _bill. ; _c25 cm. |
||
| 504 | _aIncludes bibliographical references (p. [333]-390) and index. | ||
| 600 | 0 | 0 |
_aSocrates. _911180 |
| 650 | 0 |
_aMethodology. _95753 |
|
| 650 | 0 |
_aPhilosophy. _911418 |
|
| 650 | 0 |
_aPolitical science _xPhilosophy. _911419 |
|
| 650 | 0 |
_aEthics. _911420 |
|
| 906 |
_a7 _bcbc _corignew _d1 _eocip _f19 _gy-gencatlg |
||
| 942 |
_2lcc _cMONOGRAPH |
||
| 999 |
_c120885 _d120885 |
||